[Event "Astana op"]
[Site "Astana"]
[Date "2017.07.22"]
[Round "2"]
[White "Mamyrbay, Assad"]
[Black "Amonatov, Farrukh"]
[Result "0-1"]
[WhiteElo "2270"]
[BlackElo "2624"]
[PlyCount "68"]
[EventDate "2017.07.21"]
[EventType "swiss"]
[EventRounds "9"]
[EventCountry "KAZ"]
[SourceTitle "CBM 179 Extra"]
[Source "ChessBase"]
[SourceDate "2017.08.23"]
[SourceVersion "1"]
[SourceVersionDate "2017.08.23"]
[SourceQuality "1"]

1. e4 c5 2. Nf3 d6 3. d4 cxd4 4. Nxd4 Nf6 5. Nc3 a6 6. h3 e5 7. Nde2 h5 8. g3 Be7 9. Bg2 b5 10. Nd5 Nxd5 11. Qxd5 Ra7 12. Be3 Be6 13. Qd2 Rb7 14. 0-0 Nd7 15. Rfd1 Qc8 16. Kh2 Rc7 17. Rdc1 Nf6 18. a4 b4 19. Bg5 0-0 20. c3 b3 21. f4 Rd8 22. Qe3 Rc4 23. Qf3 d5 24. exd5 Bxd5 25. Qf1 Bxg2 26. Kxg2 Rd2 27. fxe5 Qc6+ 28. Kg1 Bc5+ 29. Kh2 Rxb2 30. Bxf6 Re4 31. Re1 gxf6 32. Rab1 Rc2 33. Rxb3 Rxe5 34. Rb8+ Kg7 0-1

[Event "Moscow op-A 13th"]
[Site "Moscow"]
[Date "2017.02.04"]
[Round "8"]
[White "Triapishko, Alexandr"]
[Black "Mamyrbay, Assad"]
[Result "1-0"]
[WhiteElo "2478"]
[BlackElo "2364"]
[PlyCount "83"]
[EventDate "2017.01.28"]
[EventType "swiss"]
[EventRounds "9"]
[EventCountry "RUS"]
[SourceTitle "EXT 2018"]
[Source "ChessBase"]
[SourceDate "2017.10.13"]
[SourceVersion "1"]
[SourceVersionDate "2017.10.13"]
[SourceQuality "1"]

1. d4 Nf6 2. Nc3 d5 3. Bf4 a6 4. e3 e6 5. a3 c5 6. h3 b5 7. Nf3 Bb7 8. Ne5 Nc6 9. g4 Nxe5 10. Bxe5 Bd6 11. Bxd6 Qxd6 12. Bg2 e5 13. 0-0 h5 14. g5 Ne4 15. dxe5 Qxe5 16. f4 Nxc3 17. Qe1 Ne2+ 18. Qxe2 Qe7 19. h4 g6 20. f5 0-0 21. Qd3 Kh7 22. Rf2 Rae8 23. Raf1 Bc8 24. fxg6+ fxg6 25. Rxf8 Rxf8 26. Rxf8 Qxf8 27. Qxd5 Qe7 28. Kf2 Qf8+ 29. Kg3 Qe7 30. Qe4 Qd6+ 31. Qf4 Qe7 32. Bd5 Kg7 33. e4 c4 34. c3 a5 35. Qb8 Qd7 36. Kf2 Kh7 37. Ke3 a4 38. Kd4 Qg7+ 39. Kc5 Bd7 40. Kb6 Bg4 41. e5 Bf5 42. Qc7 1-0

[Event "Moscow op-A 13th"]
[Site "Moscow"]
[Date "2017.02.02"]
[Round "6"]
[White "Morovic Fernandez, Ivan"]
[Black "Mamyrbay, Assad"]
[Result "1-0"]
[WhiteElo "2550"]
[BlackElo "2364"]
[PlyCount "49"]
[EventDate "2017.01.28"]
[EventType "swiss"]
[EventRounds "9"]
[EventCountry "RUS"]
[SourceTitle "EXT 2018"]
[Source "ChessBase"]
[SourceDate "2017.10.13"]
[SourceVersion "1"]
[SourceVersionDate "2017.10.13"]
[SourceQuality "1"]

1. e4 e5 2. Nf3 Nc6 3. Nc3 Nf6 4. g3 d5 5. exd5 Nxd5 6. Bg2 Nxc3 7. bxc3 Bd6 8. 0-0 0-0 9. d4 Bg4 10. Qd3 Qf6 11. Ng5 Bf5 12. Be4 Bxe4 13. Nxe4 Qg6 14. d5 Nb8 15. f4 f5 16. Nxd6 cxd6 17. Qb5 Qf7 18. Ba3 e4 19. Rab1 b6 20. Bxd6 Rd8 21. Ba3 Qxd5 22. Rfd1 Qxd1+ 23. Rxd1 Rxd1+ 24. Kf2 Nd7 25. Ke2 1-0

[Event "Moscow op-A 13th"]
[Site "Moscow"]
[Date "2017.02.01"]
[Round "5"]
[White "Mamyrbay, Assad"]
[Black "Shubin, Kirill"]
[Result "1-0"]
[WhiteElo "2364"]
[BlackElo "2244"]
[PlyCount "33"]
[EventDate "2017.01.28"]
[EventType "swiss"]
[EventRounds "9"]
[EventCountry "RUS"]
[SourceTitle "EXT 2018"]
[Source "ChessBase"]
[SourceDate "2017.10.13"]
[SourceVersion "1"]
[SourceVersionDate "2017.10.13"]
[SourceQuality "1"]

1. e4 e6 2. d4 d5 3. Nd2 Nf6 4. e5 Nfd7 5. f4 c5 6. c3 Nc6 7. Ndf3 Qb6 8. Ne2 Be7 9. h4 f6 10. g3 cxd4 11. cxd4 fxe5 12. fxe5 0-0 13. Nf4 Bb4+ 14. Ke2 Ndxe5 15. dxe5 Nxe5 16. Nxe5 Bd6 17. Nf3 1-0

[Event "Moscow op-A 13th"]
[Site "Moscow"]
[Date "2017.01.30"]
[Round "3"]
[White "Mamyrbay, Assad"]
[Black "Ahmadzada, Ahmad Samir"]
[Result "0-1"]
[WhiteElo "2364"]
[BlackElo "2078"]
[PlyCount "132"]
[EventDate "2017.01.28"]
[EventType "swiss"]
[EventRounds "9"]
[EventCountry "RUS"]
[SourceTitle "EXT 2018"]
[Source "ChessBase"]
[SourceDate "2017.10.13"]
[SourceVersion "1"]
[SourceVersionDate "2017.10.13"]
[SourceQuality "1"]

1. e4 c5 2. Nf3 e6 3. d4 cxd4 4. Nxd4 Nf6 5. Nc3 d6 6. g4 Nc6 7. g5 Nd7 8. Be3 Be7 9. h4 0-0 10. Qd2 Nxd4 11. Bxd4 a6 12. 0-0-0 b5 13. a3 Ne5 14. Be2 Nc6 15. Be3 Qa5 16. Na2 Qxd2+ 17. Rxd2 Bb7 18. Rhd1 Ne5 19. f4 Nd7 20. Nc3 Rac8 21. Rd4 Nc5 22. Bf3 f5 23. Bh1 Bxe4 24. Bxe4 fxe4 25. Kd2 d5 26. a4 Nb7 27. axb5 Nd6 28. bxa6 Nc4+ 29. Rxc4 Rxc4 30. Nb5 Rfc8 31. c3 Ra4 32. a7 Ra2 33. Kc2 Ra5 34. Nd4 Bc5 35. Nb3 Bxa7 36. Nxa5 Bxe3 37. f5 d4 38. fxe6 d3+ 39. Kb3 Bf4 40. Nc4 Re8 41. Rf1 Bg3 42. Ne3 Rxe6 43. Nf5 Bc7 44. Kc4 Bb6 45. Nd4 Re8 46. Rd1 Kf7 47. h5 Re5 48. g6+ hxg6 49. Rf1+ Ke8 50. hxg6 Rg5 51. Re1 d2 52. Rd1 Rg2 53. Nc2 Ke7 54. Nb4 e3 55. Nd5+ Ke8 56. Nxe3 Bxe3 57. Kd3 Bh6 58. b4 Rxg6 59. c4 Rg4 60. b5 Kd7 61. Rb1 Kc7 62. c5 Rg6 63. b6+ Kb7 64. Kc4 Rc6 65. Kd4 Rc8 66. Kc4 Be3 0-1

[Event "Pavlodar op"]
[Site "Pavlodar"]
[Date "2016.11.29"]
[Round "10"]
[White "Egorov, Evgeni"]
[Black "Mamyrbay, Assad"]
[Result "1-0"]
[WhiteElo "2361"]
[BlackElo "2284"]
[PlyCount "137"]
[EventDate "2016.11.21"]
[EventType "swiss"]
[EventRounds "10"]
[EventCountry "KAZ"]
[SourceTitle "EXT 2018"]
[Source "ChessBase"]
[SourceDate "2017.10.13"]
[SourceVersion "1"]
[SourceVersionDate "2017.10.13"]
[SourceQuality "1"]

1. g3 Nf6 2. Bg2 d5 3. Nf3 g6 4. c4 d4 5. d3 c5 6. e3 Nc6 7. exd4 cxd4 8. 0-0 Bg7 9. Na3 0-0 10. Re1 Nd7 11. Nc2 a5 12. b3 Re8 13. Ba3 Qb6 14. h3 Nc5 15. Bxc5 Qxc5 16. a3 Bd7 17. Qd2 Qd6 18. b4 axb4 19. axb4 b6 20. Rxa8 Rxa8 21. b5 Na5 22. Qb4 Qc7 23. Nfxd4 Rd8 24. Rxe7 Qc5 25. Qxc5 bxc5 26. Nc6 Bxc6 27. Bxc6 Nxc6 28. bxc6 Rc8 29. c7 Kf8 30. Rd7 Ke8 31. Rd8+ Rxd8 32. cxd8Q+ Kxd8 33. f3 Kd7 34. Kf2 Kd6 35. Ke3 h5 36. f4 Bf6 37. Ke4 Bg7 38. f5 Be5 39. g4 hxg4 40. hxg4 Bf6 41. Ne3 Bd4 42. Ng2 g5 43. Ne1 f6 44. Nf3 Bb2 45. Ke3 Bc1+ 46. Ke2 Bb2 47. Kd2 Ba1 48. Kc2 Kc6 49. Kb3 Kb6 50. Nd2 Bd4 51. Ne4 Be5 52. Ka4 Bd4 53. Ng3 Be5 54. Nh5 Ka6 55. Ng7 Kb6 56. Ne6 Bc3 57. Kb3 Be5 58. Kc2 Kc6 59. Kd2 Kd6 60. Ke3 Bb2 61. Ke4 Kc6 62. d4 cxd4 63. Kd3 Kd6 64. Nxd4 Ke5 65. Nb5 Bc1 66. Nc3 Kf4 67. c5 Ke5 68. Kc4 Bb2 69. Nd5 1-0

[Event "Pavlodar op"]
[Site "Pavlodar"]
[Date "2016.11.22"]
[Round "3"]
[White "Mamyrbay, Assad"]
[Black "Zablotsky, Sergei"]
[Result "1/2-1/2"]
[WhiteElo "2284"]
[BlackElo "2518"]
[PlyCount "74"]
[EventDate "2016.11.21"]
[EventType "swiss"]
[EventRounds "10"]
[EventCountry "KAZ"]
[SourceTitle "EXT 2018"]
[Source "ChessBase"]
[SourceDate "2017.10.13"]
[SourceVersion "1"]
[SourceVersionDate "2017.10.13"]
[SourceQuality "1"]

1. e4 d6 2. d4 Nf6 3. Nc3 g6 4. Be3 c6 5. h3 Bg7 6. Qd2 b5 7. a3 0-0 8. Nf3 Qc7 9. Bd3 Nbd7 10. 0-0 a6 11. Rfe1 e5 12. Rad1 Re8 13. Bf1 Bb7 14. dxe5 dxe5 15. Qd6 Qc8 16. Bg5 Bf8 17. Qd2 Qc7 18. g3 Rad8 19. Qc1 Be7 20. h4 Nc5 21. Bh3 a5 22. Qe3 Ncd7 23. Bxd7 Rxd7 24. Rxd7 Nxd7 25. Bxe7 Rxe7 26. h5 f6 27. Kg2 Nf8 28. Rd1 Bc8 29. Qc5 Bg4 30. hxg6 hxg6 31. Qd6 Ne6 32. Qxc7 Rxc7 33. Rd2 Bxf3+ 34. Kxf3 Nd4+ 35. Ke3 Kf7 36. Ne2 Ne6 37. f4 Ke7 1/2-1/2

[Event "Chigorin Memorial 24th"]
[Site "St Petersburg"]
[Date "2016.10.23"]
[Round "9"]
[White "Mamyrbay, Assad"]
[Black "Tsapalin, Sergey"]
[Result "1-0"]
[WhiteElo "2246"]
[BlackElo "2060"]
[PlyCount "95"]
[EventDate "2016.10.15"]
[EventType "swiss"]
[EventRounds "9"]
[EventCountry "RUS"]
[SourceTitle "CBM 175 Extra"]
[Source "ChessBase"]
[SourceDate "2016.12.12"]
[SourceVersion "1"]
[SourceVersionDate "2016.12.12"]
[SourceQuality "1"]

1. e4 c5 2. Nf3 Nc6 3. Bb5 e5 4. 0-0 Bd6 5. c3 Nge7 6. d4 cxd4 7. cxd4 exd4 8. Nxd4 Be5 9. Nf3 Bc7 10. Nc3 0-0 11. Re1 a6 12. Bf1 d6 13. h3 Ne5 14. Bg5 Nxf3+ 15. Qxf3 f6 16. Bc4+ Kh8 17. Be3 Bd7 18. Rad1 Bc6 19. Qe2 Ng6 20. Bb3 Rc8 21. Be6 Bd7 22. Bd5 Rb8 23. b4 Ne5 24. f4 Ng6 25. Qf2 b5 26. Kh1 Bb6 27. Bb3 Bxe3 28. Qxe3 Qb6 29. Qxb6 Rxb6 30. e5 fxe5 31. fxe5 Bc6 32. Rxd6 Nxe5 33. Nd5 Bxd5 34. Rxb6 Nd3 35. Re2 Bxb3 36. axb3 Nxb4 37. Re4 Nd3 38. Rd4 Nc1 39. b4 Ne2 40. Rd3 h5 41. g3 h4 42. gxh4 Rf1+ 43. Kg2 Nf4+ 44. Kxf1 Nxd3 45. Rxa6 Nxb4 46. Rb6 Nd5 47. Rxb5 Nf4 48. Rb3 1-0

[Event "Chigorin Memorial 24th"]
[Site "St Petersburg"]
[Date "2016.10.22"]
[Round "8"]
[White "Venkatesh, Marani Rajendran"]
[Black "Mamyrbay, Assad"]
[Result "1-0"]
[WhiteElo "2444"]
[BlackElo "2246"]
[PlyCount "79"]
[EventDate "2016.10.15"]
[EventType "swiss"]
[EventRounds "9"]
[EventCountry "RUS"]
[SourceTitle "CBM 175 Extra"]
[Source "ChessBase"]
[SourceDate "2016.12.12"]
[SourceVersion "1"]
[SourceVersionDate "2016.12.12"]
[SourceQuality "1"]

1. e4 e6 2. d4 d5 3. Nd2 c5 4. c3 Nc6 5. Ngf3 cxd4 6. cxd4 dxe4 7. Nxe4 Bb4+ 8. Nc3 Nf6 9. Bd3 0-0 10. 0-0 Be7 11. Be3 b6 12. Rc1 Bb7 13. a3 Rc8 14. Qe2 Nd5 15. Ne4 Nxe3 16. fxe3 Qd5 17. Nc3 Qd6 18. Nd2 g6 19. Be4 f5 20. Bf3 Bf6 21. Nc4 Qe7 22. b4 Rfd8 23. Qa2 Qd7 24. d5 Ne7 25. dxe6 Qc7 26. Nb5 Qb8 27. Bxb7 Qxb7 28. Ncd6 Qa6 29. Nxc8 Qxb5 30. Nxe7+ Bxe7 31. Rc7 Re8 32. Rd7 Qe5 33. Qb3 Bd6 34. g3 Be7 35. Rfd1 Bg5 36. R1d3 Qa1+ 37. Kg2 Qe5 38. Qc3 Qe4+ 39. Kf2 Bh6 40. Qf6 1-0

[Event "Chigorin Memorial 24th"]
[Site "St Petersburg"]
[Date "2016.10.20"]
[Round "6"]
[White "Mamyrbay, Assad"]
[Black "Lovkov, Roman"]
[Result "0-1"]
[WhiteElo "2246"]
[BlackElo "2441"]
[PlyCount "130"]
[EventDate "2016.10.15"]
[EventType "swiss"]
[EventRounds "9"]
[EventCountry "RUS"]
[SourceTitle "CBM 175 Extra"]
[Source "ChessBase"]
[SourceDate "2016.12.12"]
[SourceVersion "1"]
[SourceVersionDate "2016.12.12"]
[SourceQuality "1"]

1. e4 c6 2. d4 d5 3. Nd2 dxe4 4. Nxe4 Bf5 5. Ng3 Bg6 6. h4 h6 7. Nf3 Nd7 8. h5 Bh7 9. Bd3 Bxd3 10. Qxd3 e6 11. Bd2 a5 12. c4 Bb4 13. d5 Nb6 14. Bxb4 axb4 15. Qd4 cxd5 16. c5 Nd7 17. 0-0 Ngf6 18. Qxb4 0-0 19. Rfc1 Qc7 20. Qd2 Ne4 21. Nxe4 dxe4 22. Nh2 Nf6 23. Qc2 Qf4 24. Nf1 Rfd8 25. Ne3 Qg5 26. b4 Ra3 27. b5 Rc8 28. Qc4 Rxe3 29. fxe3 Qxe3+ 30. Kh1 Ng4 31. Qc3 Nf2+ 32. Kh2 Nd3 33. c6 Qf4+ 34. Kg1 Qf2+ 35. Kh1 Qh4+ 36. Kg1 Qf2+ 37. Kh1 Nxc1 38. Rxc1 bxc6 39. bxc6 Qxa2 40. c7 Qd5 41. Rb1 Qd6 42. Rc1 e3 43. Kg1 Qf4 44. Qd3 e2 45. Qd8+ Kh7 46. Qd3+ f5 47. Re1 Rxc7 48. Qxe2 Rc6 49. Rd1 Rc1 50. Rxc1 Qxc1+ 51. Kh2 Qf4+ 52. g3 Qg4 53. Qxe6 Qxh5+ 54. Kg2 Qg4 55. Kf2 h5 56. Qe7 Qe4 57. Qxe4 fxe4 58. Ke3 Kg6 59. Kf4 Kf6 60. Kxe4 Kg5 61. Kf3 Kf5 62. Ke2 Kg4 63. Kf2 Kh3 64. Kf3 g5 65. Kf2 g4 0-1

[Event "Pavlodar op"]
[Site "Pavlodar"]
[Date "2015.12.14"]
[Round "8"]
[White "Mamyrbay, Assad"]
[Black "Tokhirjonova, Gulruhbegim"]
[Result "1/2-1/2"]
[WhiteElo "2128"]
[BlackElo "2232"]
[PlyCount "60"]
[EventDate "2015.12.07"]
[EventType "swiss"]
[EventRounds "10"]
[EventCountry "KAZ"]
[SourceTitle "EXT 2017"]
[Source "ChessBase"]
[SourceDate "2016.10.25"]
[SourceVersion "1"]
[SourceVersionDate "2016.10.25"]
[SourceQuality "1"]

1. e4 e6 2. d4 d5 3. Nc3 Nf6 4. e5 Nfd7 5. f4 c5 6. Nf3 Nc6 7. Be3 Qb6 8. Na4 Qa5+ 9. c3 b6 10. Bd2 c4 11. b4 Nxb4 12. cxb4 Bxb4 13. Qc2 Bxd2+ 14. Nxd2 b5 15. Nc3 0-0 16. Be2 Nb8 17. 0-0 Nc6 18. Nf3 b4 19. Nd1 Qb6 20. Qd2 a5 21. Ne3 Ba6 22. Rfd1 a4 23. f5 c3 24. Qe1 Bxe2 25. Qxe2 b3 26. f6 Rfc8 27. Qf2 c2 28. Nxc2 bxc2 29. Rdc1 Nb4 30. Qd2 h6 1/2-1/2

[Event "Chigorin Memorial 23rd"]
[Site "St Petersburg"]
[Date "2015.10.06"]
[Round "4"]
[White "Yakimenko, Viktoria"]
[Black "Mamyrbay, Assad"]
[Result "1-0"]
[WhiteElo "1974"]
[BlackElo "2195"]
[PlyCount "63"]
[EventDate "2015.10.03"]
[EventType "swiss"]
[EventRounds "9"]
[EventCountry "RUS"]
[SourceTitle "CBM 168 Extra"]
[Source "ChessBase"]
[SourceDate "2015.10.29"]
[SourceVersion "1"]
[SourceVersionDate "2015.10.29"]
[SourceQuality "1"]

1. e4 e5 2. Nf3 Nc6 3. Bb5 a6 4. Ba4 Nf6 5. d3 b5 6. Bb3 Be7 7. Nc3 d6 8. a4 b4 9. Nd5 0-0 10. Nxe7+ Nxe7 11. Bg5 Ng6 12. Qd2 h6 13. Be3 a5 14. h3 d5 15. exd5 Bb7 16. h4 Bxd5 17. Bxd5 Nxd5 18. h5 Ngf4 19. 0-0-0 Qf6 20. d4 exd4 21. Bxd4 Qc6 22. g3 Nc3 23. Bxc3 bxc3 24. Qxf4 cxb2+ 25. Kb1 Rab8 26. Ne5 Qc5 27. Qe3 Qb4 28. Rh4 Qb7 29. Nd7 Rfd8 30. Rhd4 Re8 31. Qc3 c5 32. Rg4 1-0

[Event "World ol U16"]
[Site "Ulaanbaatar"]
[Date "2015.08.26"]
[Round "8.3"]
[White "Mamyrbay, Assad"]
[Black "Maghsoodloo, Parham"]
[Result "0-1"]
[WhiteElo "2217"]
[BlackElo "2416"]
[PlyCount "90"]
[EventDate "2015.08.20"]
[EventType "team-swiss"]
[EventRounds "9"]
[EventCountry "MGL"]
[SourceTitle "EXT 2016"]
[Source "ChessBase"]
[SourceDate "2015.10.08"]
[SourceVersion "1"]
[SourceVersionDate "2015.10.08"]
[SourceQuality "1"]
[WhiteTeam "Kazakhstan"]
[BlackTeam "Iran"]
[WhiteTeamCountry "KAZ"]
[BlackTeamCountry "IRI"]

1. e4 c6 2. d4 d5 3. Nd2 dxe4 4. Nxe4 Nf6 5. Nxf6+ exf6 6. c3 Bd6 7. Bd3 0-0 8. Qf3 Re8+ 9. Ne2 Qc7 10. h3 Nd7 11. 0-0 Nf8 12. Bf4 Ng6 13. Bxd6 Qxd6 14. Ng3 Be6 15. Nf5 Qc7 16. Rfe1 Rad8 17. Rad1 Bd5 18. Qg3 Qxg3 19. Nxg3 Nf4 20. Bf1 Rxe1 21. Rxe1 h5 22. Ne4 Bxa2 23. g3 Ng6 24. h4 Bd5 25. Nd2 Nf8 26. Re7 Rd7 27. Re8 g6 28. Be2 Kg7 29. Kf1 f5 30. Nf3 f6 31. Ne1 Kf7 32. Ra8 b6 33. Rc8 Ne6 34. c4 Be4 35. f3 Bb1 36. d5 cxd5 37. cxd5 Rxd5 38. Rc1 Ba2 39. Ra1 Ra5 40. b4 Ra4 41. Kf2 Bb3 42. Rb1 Ra3 43. Bd3 Nd4 44. Rc1 Bd5 45. Rc7+ Ke6 0-1

[Event "World ol U16"]
[Site "Ulaanbaatar"]
[Date "2015.08.25"]
[Round "6.2"]
[White "Mamyrbay, Assad"]
[Black "Kenenbaev, Aidar"]
[Result "0-1"]
[WhiteElo "2217"]
[BlackElo "1969"]
[PlyCount "53"]
[EventDate "2015.08.20"]
[EventType "team-swiss"]
[EventRounds "9"]
[EventCountry "MGL"]
[SourceTitle "EXT 2016"]
[Source "ChessBase"]
[SourceDate "2015.10.08"]
[SourceVersion "1"]
[SourceVersionDate "2015.10.08"]
[SourceQuality "1"]
[WhiteTeam "Kazakhstan"]
[BlackTeam "Kyrgyzstan"]
[WhiteTeamCountry "KAZ"]
[BlackTeamCountry "KGZ"]

1. e4 c5 2. Nf3 d6 3. d4 cxd4 4. Nxd4 Nf6 5. Nc3 a6 6. g3 e5 7. Nb3 Be7 8. Bg2 b5 9. a4 b4 10. Nd5 a5 11. Nxe7 Qxe7 12. 0-0 Bb7 13. Re1 0-0 14. Qe2 Qc7 15. Bg5 Nbd7 16. c3 h6 17. Bxf6 Nxf6 18. cxb4 axb4 19. Rec1 Qd7 20. a5 Ba6 21. Qd2 Qe6 22. Qd1 Rfc8 23. Nd2 Rc5 24. Qa4 Rac8 25. Rd1 Rb8 26. Nb3 Rc7 27. Rac1 0-1

[Event "World ol U16"]
[Site "Ulaanbaatar"]
[Date "2015.08.25"]
[Round "7.3"]
[White "Woong, Zhi Wei William"]
[Black "Mamyrbay, Assad"]
[Result "1/2-1/2"]
[WhiteElo "2053"]
[BlackElo "2217"]
[PlyCount "71"]
[EventDate "2015.08.20"]
[EventType "team-swiss"]
[EventRounds "9"]
[EventCountry "MGL"]
[SourceTitle "EXT 2016"]
[Source "ChessBase"]
[SourceDate "2015.10.08"]
[SourceVersion "1"]
[SourceVersionDate "2015.10.08"]
[SourceQuality "1"]
[WhiteTeam "Singapore"]
[BlackTeam "Kazakhstan"]
[WhiteTeamCountry "SIN"]
[BlackTeamCountry "KAZ"]

1. e4 e5 2. Nf3 Nc6 3. Bb5 Nf6 4. d3 Bc5 5. 0-0 d6 6. c3 0-0 7. h3 Ne7 8. Re1 c6 9. Ba4 Ng6 10. d4 Bb6 11. Nbd2 Re8 12. Bc2 Bc7 13. Nf1 d5 14. Bg5 dxe4 15. Bxe4 exd4 16. Nxd4 Bd7 17. Qc2 h6 18. Bxf6 Qxf6 19. Ng3 Nf4 20. Bf5 Bxf5 21. Qxf5 Qxf5 22. Ndxf5 Nd3 23. Red1 Rad8 24. Rd2 Bf4 25. Re2 g6 26. Ne3 Nc5 27. Rae1 Rd3 28. Ngf1 Kf8 29. g3 Bc7 30. Kg2 Red8 31. Ng4 h5 32. Ne5 Rd1 33. Nf3 Rxe1 34. Rxe1 Bb6 35. Re2 Nd3 36. Ne3 1/2-1/2

[Event "World ol U16"]
[Site "Ulaanbaatar"]
[Date "2015.08.22"]
[Round "4.3"]
[White "Gokerkan, Cem Kaan"]
[Black "Mamyrbay, Assad"]
[Result "1-0"]
[WhiteElo "2205"]
[BlackElo "2217"]
[PlyCount "64"]
[EventDate "2015.08.20"]
[EventType "team-swiss"]
[EventRounds "9"]
[EventCountry "MGL"]
[SourceTitle "EXT 2016"]
[Source "ChessBase"]
[SourceDate "2015.10.08"]
[SourceVersion "1"]
[SourceVersionDate "2015.10.08"]
[SourceQuality "1"]
[WhiteTeam "Turkey"]
[BlackTeam "Kazakhstan"]
[WhiteTeamCountry "TUR"]
[BlackTeamCountry "KAZ"]

1. e4 e5 2. Nf3 Nc6 3. Bc4 Bc5 4. d3 Nf6 5. c3 d6 6. Nbd2 0-0 7. Bb3 a6 8. Nf1 d5 9. Qe2 dxe4 10. dxe4 Ng4 11. Ne3 Nxe3 12. Bxe3 Bxe3 13. Qxe3 Qf6 14. h3 Be6 15. 0-0 Rfd8 16. Rad1 a5 17. Bd5 Bxd5 18. exd5 Ne7 19. c4 c6 20. Rfe1 cxd5 21. Qxe5 Qxe5 22. Rxe5 Kf8 23. cxd5 Rd6 24. Ng5 Rad8 25. Nxh7+ Ke8 26. Rde1 R8d7 27. Rh5 f6 28. Re6 Kf7 29. Nxf6 Rd8 30. Rxd6 Rxd6 31. Ne4 Rxd5 32. Rxd5 Nxd5 1-0

[Event "Asian Continental op 14th"]
[Site "Al Ain"]
[Date "2015.08.02"]
[Round "1"]
[White "Kunte, Abhijit"]
[Black "Mamyrbay, Assad"]
[Result "1-0"]
[WhiteElo "2493"]
[BlackElo "2217"]
[PlyCount "91"]
[EventDate "2015.08.02"]
[EventType "swiss"]
[EventRounds "9"]
[EventCountry "UAE"]
[SourceTitle "CBM 168"]
[Source "ChessBase"]
[SourceDate "2015.09.14"]
[SourceVersion "1"]
[SourceVersionDate "2015.09.14"]
[SourceQuality "1"]

1. c4 c5 2. Nc3 Nc6 3. Nf3 Nf6 4. e3 e6 5. d4 d5 6. cxd5 Nxd5 7. Bd3 cxd4 8. exd4 Be7 9. 0-0 0-0 10. a3 Nf6 11. Bc2 b6 12. Qd3 Bb7 13. Re1 Rc8 14. d5 Nb8 15. Bg5 Ba6 16. Qd2 exd5 17. Rxe7 Qxe7 18. Nxd5 Qe2 19. Qxe2 Bxe2 20. Ne7+ Kh8 21. Nxc8 Rxc8 22. Nd4 Bc4 23. Rd1 Nbd7 24. Bf5 Rc5 25. Be3 g6 26. Bb1 Kg7 27. Nf3 Rb5 28. Rd2 Nd5 29. Bd4+ f6 30. Bc2 Nc5 31. b4 Nb3 32. Bxb3 Bxb3 33. Bb2 Nf4 34. Nd4 Re5 35. h4 Re1+ 36. Kh2 Bd5 37. f3 Re3 38. Nb5 Rd3 39. Rxd3 Nxd3 40. Bd4 a5 41. Nc7 Bf7 42. b5 Ne5 43. Bxb6 Nc4 44. Bd4 a4 45. b6 Na5 46. g4 1-0

[Event "Kokshetau Zhaksy-ch"]
[Site "Kokshetau"]
[Date "2015.07.09"]
[Round "6"]
[White "Agmanov, Zhandos"]
[Black "Mamyrbay, Assad"]
[Result "1/2-1/2"]
[WhiteElo "2296"]
[BlackElo "2135"]
[PlyCount "41"]
[EventDate "2015.07.05"]
[EventType "tourn"]
[EventRounds "9"]
[EventCountry "KAZ"]
[SourceTitle "EXT 2016"]
[Source "ChessBase"]
[SourceDate "2015.10.08"]
[SourceVersion "1"]
[SourceVersionDate "2015.10.08"]
[SourceQuality "1"]

1. d4 Nf6 2. c4 g6 3. Nc3 d5 4. cxd5 Nxd5 5. e4 Nxc3 6. bxc3 Bg7 7. Bc4 c5 8. Ne2 0-0 9. 0-0 Nc6 10. Be3 b6 11. Qd2 Bb7 12. Rfd1 Rc8 13. Rac1 Qd7 14. f3 cxd4 15. cxd4 Na5 16. Bd3 e6 17. Qb4 Rxc1 18. Rxc1 Rc8 19. Rxc8+ Qxc8 20. Qa4 h5 21. Kf2 1/2-1/2

[Event "Kokshetau Zhaksy-ch"]
[Site "Kokshetau"]
[Date "2015.07.05"]
[Round "1"]
[White "Sadubayev, Airat"]
[Black "Mamyrbay, Assad"]
[Result "1/2-1/2"]
[WhiteElo "2020"]
[BlackElo "2135"]
[PlyCount "90"]
[EventDate "2015.07.05"]
[EventType "tourn"]
[EventRounds "9"]
[EventCountry "KAZ"]
[SourceTitle "EXT 2016"]
[Source "ChessBase"]
[SourceDate "2015.10.08"]
[SourceVersion "1"]
[SourceVersionDate "2015.10.08"]
[SourceQuality "1"]

1. e4 e5 2. Nf3 Nc6 3. Bb5 Nf6 4. d3 Bc5 5. 0-0 d6 6. Bxc6+ bxc6 7. h3 0-0 8. Nbd2 Re8 9. Nc4 Be6 10. Re1 Bxc4 11. dxc4 Rb8 12. b3 h6 13. a4 Nh5 14. Be3 Bxe3 15. Rxe3 Nf4 16. Ne1 Qf6 17. Rb1 Rbd8 18. Nd3 Ng6 19. Nb4 Ne7 20. Qg4 a5 21. Nd3 Ng6 22. Rbe1 d5 23. exd5 cxd5 24. cxd5 Rxd5 25. Qc4 Qd6 26. Kh1 Rd8 27. Qc3 f6 28. Qc4 Kh7 29. Qg4 Qd7 30. Qxd7 R8xd7 31. g3 Ne7 32. Re4 Nf5 33. Rc4 Rd4 34. Rc5 R4d5 35. Rc3 Nd4 36. Nb2 f5 37. Nc4 e4 38. Ne3 Nf3 39. Nxd5 Nxe1 40. Ne3 g5 41. Nxf5 Rd1 42. Ne3 Rc1 43. Rxc7+ Kg6 44. Rc6+ Kf7 45. Nf1 Nf3 1/2-1/2

[Event "Dushanbe zt 3.4"]
[Site "Dushanbe"]
[Date "2015.06.04"]
[Round "1"]
[White "Mamyrbay, Assad"]
[Black "Kostenko, Petr"]
[Result "1/2-1/2"]
[WhiteElo "2153"]
[BlackElo "2458"]
[PlyCount "92"]
[EventDate "2015.06.04"]
[EventType "swiss"]
[EventRounds "9"]
[EventCountry "TJK"]
[SourceTitle "CBM 167 Extra"]
[Source "ChessBase"]
[SourceDate "2015.09.14"]
[SourceVersion "1"]
[SourceVersionDate "2015.09.14"]
[SourceQuality "1"]

1. e4 e6 2. d4 d5 3. Nc3 Nf6 4. e5 Nfd7 5. f4 c5 6. Nf3 Nc6 7. Be3 cxd4 8. Nxd4 Bc5 9. Qd2 0-0 10. 0-0-0 a6 11. Nb3 Bb4 12. g4 f6 13. Nd4 Nxd4 14. Bxd4 fxe5 15. fxe5 Qh4 16. Be2 Nb8 17. Kb1 Nc6 18. Qe3 Bd7 19. Bb6 Be7 20. Ne4 Be8 21. Nc5 Bf7 22. Nxb7 Rfb8 23. Na5 Bg5 24. Qg1 Nxe5 25. Bc7 Bf6 26. Bxb8 Rxb8 27. Nb3 Nc4 28. c3 Bg6+ 29. Bd3 Qg5 30. Ka1 Bxd3 31. Rxd3 Qg6 32. Qd1 a5 33. Qe2 Qe4 34. Re1 Qxe2 35. Rxe2 a4 36. Nd4 a3 37. b3 Nb2 38. Rf3 Nd1 39. Rxf6 gxf6 40. Rxe6 Rc8 41. Nb5 Nxc3 42. Nxa3 Ra8 43. Kb2 Nd1+ 44. Kc1 Kf7 45. Rd6 Ne3 46. Kb2 Nd1+ 1/2-1/2

[Event "Moscow Aeroflot op-B 14th"]
[Site "Moscow"]
[Date "2015.04.03"]
[Round "8"]
[White "Mammadova, Gulnar Marfat Qizi"]
[Black "Mamyrbay, Assad"]
[Result "1-0"]
[WhiteElo "2314"]
[BlackElo "2222"]
[PlyCount "89"]
[EventDate "2015.03.27"]
[EventType "swiss"]
[EventRounds "9"]
[EventCountry "RUS"]
[SourceTitle "CBM 165 Extra"]
[Source "ChessBase"]
[SourceDate "2015.04.21"]
[SourceVersion "1"]
[SourceVersionDate "2015.04.21"]
[SourceQuality "1"]

1. e4 e5 2. Nf3 Nc6 3. Bb5 Nf6 4. 0-0 Nxe4 5. Re1 Nd6 6. Nxe5 Be7 7. Bf1 Nxe5 8. Rxe5 0-0 9. d4 Bf6 10. Re1 Nf5 11. d5 d6 12. Nc3 Bg5 13. Ne4 Bxc1 14. Rxc1 Bd7 15. Bd3 Re8 16. c4 a5 17. Qh5 Qh4 18. Qxh4 Nxh4 19. c5 f5 20. c6 bxc6 21. dxc6 Bxc6 22. Rxc6 fxe4 23. Bxe4 Kf8 24. Re3 Rac8 25. g3 Ng6 26. Ra6 Rb8 27. Rxa5 Re5 28. Rxe5 Nxe5 29. b3 g6 30. a4 c6 31. f4 Ng4 32. Rc3 c5 33. Bf3 Nf6 34. Kg2 Ke7 35. g4 Ne8 36. Bc6 Nc7 37. Re3+ Kf6 38. a5 Na6 39. g5+ Kf7 40. Bd5+ Kf8 41. Re6 Rb5 42. Rxd6 Rxa5 43. Bc4 Nb4 44. Rd7 Ra2+ 45. Kg3 1-0